000 00411nam a2200145Ia 4500
008 100122s9999 xx 000 0 und d
082 _b68440
_a824
100 _aHAMILTON IAN
245 _aTHE BOOK OF TWENTIETH- CENTURY ESSAYS
260 _bFROMM INTERNATIONAL
_c2000
300 _a554
630 _aTHE BOOK OF TWENTIETH- CENTURY ESSAYS
730 _aTHE BOOK OF TWENTIETH- CENTURY ESSAYS
942 _cBOOK
999 _c381380
_d381377